000
00281nam a2200109Ia 4500
008
220204s9999 xx 000 0 und d
082
_a
681.31
_b
LEH
100
_a
Lehman, Richard S
245
0
_a
Computer simulation and modeling
260
_a
New York
_b
John Wiley
_c
1977
942
_c
BK
999
_c
36079
_d
36079